Footballeurs en G (par images). - Statistiques

Statistiques générales
  • Ce quiz a été pris 723 fois
  • Le résultat moyen est 15 sur 24
Statistiques - réponses
Par images Réponse % Correct
Antoine Griezmann
100%
Olivier Giroud
100%
Steven Gerrard
91%
İlkay Gündoğan
89%
Mario Götze
87%
Pep Guardiola
87%
Ruud Gullit
86%
Gennaro Gattuso
84%
Diego Godín
74%
Garrincha
72%
David Ginola
70%
Ryan Giggs
67%
Leon Goretzka
66%
SIdney Govou
61%
Yoann Gourcuff
59%
Luiz Gustavo
55%
William Gallas
54%
Mario Gómez
53%
Stéphane Guivarc'h
49%
Guti
45%
Alain Giresse
34%
Paco Gento
14%
Paul Gascoigne
13%
Jimmy Greaves
3%
Aucun quiz correspondant
Distribution des résultats
% des personnes avec chaque résultat
Percentile par nombre de réponses
Votre historique - résultats
Vous n’avez pas pris ce quiz